Normal view
MARC view
Entry Personal Name
001 - CONTROL NUMBER
- control field: 8395
003 - CONTROL NUMBER IDENTIFIER
- control field: BD-RjUL
005 - DATE AND TIME OF LATEST TRANSACTION
- control field: 20230817115750.0
008 - FIXED-LENGTH DATA ELEMENTS
- fixed length control field: 230817|| aca||aabn | a|a d
040 ## - CATALOGING SOURCE
- Original cataloging agency: BD-RjUL
- Transcribing agency: BD-RjUL
100 ## - HEADING--PERSONAL NAME
- Personal name: Ṣīddīqī, Rashīd Aḥmad, ;; صدّىقى، رشىد احمد،,
- Dates associated with a name: 1894-1977
670 ## - SOURCE DATA FOUND
- Source citation: Work cat.: (BD-RjUL)81711: Ṣīddīqī, Rashīd Aḥmad, ;; صدّىقى، رشىد احمد،, 1894-1977., گنجہائے گرانماىہ / Ganjhāʼe girānmāyah /, [1960]